01463cam a2200337 a 450000500170000000800410001702000150005804100080007309200200008110000270010124500960012825000110022426000440023530000110027950001610029065300330045165300420048465300320052665300660055865300530062465300890067765300470076665300530081365300450086665300440091170000370095593000090099294200120100199900130101395200990102620240624114050.0100701s2001||||ag f |||| 00| 0 spa d a9508921137 aspa c302.06l84sTOB1 aTobar, Federico.91106 aOrganizaciones solidarias.bGestión e innovación en el tercer sector / cFederico Tobar a1a ed. aBuenos Aires: bLugar Editorial;c2001. a154 p. aTobar, F. y Fernández Pardo, C. (2001). Organizaciones solidarias. Gestión e innovación en el tercer sector. (1a ed.). Buenos Aires : Lugar Editorial. aDinámica del cambio social aTercer sector como nuevo actor social aDefiniendo al tercer sector aHacia un marco teórico para el análisis del tercer sector aOrganizaciones del tercer sector en la Argentina aHacia un marco teórico para el análisis de los nuevos desafíos de la gestión aDesafios en la gestión del tercer sector aReconversión y reingeniería organizacionales aInnovación y organizaciones solidarias aCómo crear organizaciones solidarias?1 aFernández Pardo, Carlos.91107 a1351 2ddccBK c465d465 00104070aBFMbBFMcCRd2011-05-13l0o302.06 84 TOBp1351r2014-11-06tej.1w2011-05-13yBK